Funny Country Names All European! - Statistics

General Stats
  • This quiz has been taken 1,328 times
    1,287 since last reset
  • The average score is 8 of 24
Answer Stats
Hint Answer % Correct
Frozen Place Iceland
95%
Land of Malt Malta
88%
Land of Ostrich Austria
61%
Space of Pain Spain
59%
Albino Land Albania
50%
Bulged Area Bulgaria
49%
Lady George Georgia
49%
Land of Greed Greece
46%
Land of Famine Hungary
44%
Land of Cyclops Cyprus
42%
Use to Rain Ukraine
35%
Rustic Realm Russia
31%
Place of Anger Ireland
27%
Land of Armed Men Armenia
26%
Lady Boss Bosnia
25%
The Final Venue Finland
24%
Full of Dirt Germany
23%
Sign of Lair Denmark
16%
Dead End Norway
16%
Abundance of Weeds Sweden
16%
Land of Straightforward France
10%
Correct Nation Czech Republic
7%
Land of Death and Killings Croatia
6%
Flop / Failure Turkey
6%
No matching quizzes found
Score Distribution
Percent of People with Each Score
Percentile by Number Answered
Your Score History
You have not taken this quiz since the last reset